000 00320 a2200157 4500
001 60276
020 _a
040 _cAnchieta - Pituba
100 _aBandeira, Manuel
240 1 0 _aPoesia e prosa
_lpor
245 1 0 _aPoesia e prosa
300 _a1236
362 0 _a1958
650 4 _aPoesia portuguesa
942 _cBK
999 _c60276
_d60276